Bio-inspired artificial intelligence : (رقم التسجيلة. 21353)

تفاصيل مارك
000 -الفاتح
حقل البيانات ثابتة الطول 01458cam a2200349 a 4500
001 - رقم الضبط
رقم الضبط 15195288
003 - محدد رقم الضبط
رقم الضبط OSt
005 - وقت وتاريخ اخر تعامل مع التسجيلة
رقم الضبط 20150408114012.0
008 - عناصر البيانات ثابتة الطول - معلومات عامة
حقل البيانات ثابتة الطول 080226s2008 maua b 001 0 eng
010 ## - رقم ضبط مكتبة الكونجرس
رقم ضبط مكتبة الكونجرس 2008008739
020 ## - الرقم الدولى المعيارى للكتب
الرقم الدولى المعيارى للكتاب 9780262062718 (hardcover : alk. paper)
035 ## - رقم ضبط النظام
رقم ضبط النظام (OCoLC)ocn212627224
035 ## - رقم ضبط النظام
رقم ضبط النظام (OCoLC)212627224
040 ## - مصدر الفهرسة
وكالة الفهرسة الأصلية DLC
وكالة النسخ DLC
وكالة التعديل BTCTA
-- BAKER
-- YDXCP
-- UKM
-- C#P
-- BWX
-- DLC
050 00 - رقم طلب مكتبة الكونجرس
رقم التصنيف Q336
رقم المادة .F66 2008
082 00 - رقم تصنيف ديوى العشرى
رقم التصنيف 006.3
رقم الطبعة 22
100 1# - المدخل الرئيسى - إسم شخصى
الإسم الشخصى Floreano, Dario.
9 (RLIN) 10365
245 10 - بيان العنوان
العنوان Bio-inspired artificial intelligence :
بقية العنوان theories, methods, and technologies /
بيان المسئوليه,etc Dario Floreano, Claudio Mattiussi.
260 ## - PUBLICATION, DISTRIBUTION, ETC. (IMPRINT)
مكان الناشر او الموزع Cambridge, Mass. :
اسم الناشر او الموزع MIT Press,
تاريخ النشر أو التوزيع c2008.
300 ## - الوصف المادى
التعداد xiv, 659 p. :
تفاصيل ماديه اخرى للوعاء ill. ;
أبعاد الوعاء 24 cm.
440 #0 - بيان السلسلة/مدخل إضافى-العنوان
العنوان Intelligent robotics and autonomous agents
9 (RLIN) 10366
504 ## - تبصرة ببليوجرافية
تبصرة ببليوجرافية,الخ Includes bibliographical references (p. [587]-649) and index.
650 #0 - المدخل الاضافى بالموضوع-مصطلح موضوعى
مصطلح موضوعي أو اسم جغرافي كعنصر مدخل Artificial intelligence
التقسيم الفرعي العام Data processing.
9 (RLIN) 10367
650 #0 - المدخل الاضافى بالموضوع-مصطلح موضوعى
مصطلح موضوعي أو اسم جغرافي كعنصر مدخل Biologically-inspired computing.
9 (RLIN) 10368
650 #0 - المدخل الاضافى بالموضوع-مصطلح موضوعى
مصطلح موضوعي أو اسم جغرافي كعنصر مدخل Self-organizing systems.
9 (RLIN) 10369
650 #0 - المدخل الاضافى بالموضوع-مصطلح موضوعى
مصطلح موضوعي أو اسم جغرافي كعنصر مدخل Autonomous robots.
9 (RLIN) 10370
650 #0 - المدخل الاضافى بالموضوع-مصطلح موضوعى
مصطلح موضوعي أو اسم جغرافي كعنصر مدخل Biomimetics.
9 (RLIN) 10371
700 1# - المدخل الاضافى - اسم شخصى
الإسم الشخصى Mattiussi, Claudio.
9 (RLIN) 10372
856 41 - الوصول و الموقع الالكترونى
مواد محددة Table of contents only
معرف المصدر الموحد <a href="http://www.loc.gov/catdir/toc/ecip0812/2008008739.html">http://www.loc.gov/catdir/toc/ecip0812/2008008739.html</a>
942 ## - عناصر المدخل الإضافي( كوها)
مصدر التصنيف او مخطط الترفيف Dewey Decimal Classification
Koha [default] item type كتاب
المقتنيات
حالة الفقد نموذج السعر الفعال حالة تلف ليس للاعارة رقم الطلب تاريخ الاكتساب الموقع الحالي الباركود الفرع الرئيسي Date last seen نوع المادة فى نظام كوها مصدر التصنيف او خطة الترفيف Total Checkouts
  2013-03-10     006.3 F D B 2012-04-10 مكتبة مجمع الطالبات بالمجمعة (EMF) 00076294 مكتبة مجمع الطالبات بالمجمعة (EMF) 2013-03-10 كتاب Dewey Decimal Classification  
  2013-03-10     006.3 F D B 2012-04-10 مكتبة مجمع الطالبات بالمجمعة (EMF) 00076293 مكتبة مجمع الطالبات بالمجمعة (EMF) 2013-03-10 كتاب Dewey Decimal Classification  
  2013-03-10     006.3 F D B 2012-04-10 مكتبة مجمع الطالبات بالمجمعة (EMF) 00076218 مكتبة مجمع الطالبات بالمجمعة (EMF) 2013-03-10 كتاب Dewey Decimal Classification